000
00306pab a2200133 454500
008
180718b1991 xxu||||| |||| 00| 0 eng d
245
_a
Review of women studies
260
_c
1991
300
_a
WS50-99
362
_a
26 Oct.
650
_a
Women
773
_a
Economic and Political Weekly
909
_a
21204
999
_c
21204
_d
21204